|
|
|
|
| LEADER |
02808nam a2200649 i 4500 |
| 001 |
nkc20223416386 |
| 003 |
CZ PrNK |
| 005 |
20220708105457.0 |
| 007 |
ta |
| 008 |
220411s2022 xr a e c 000 0 cze |
| 020 |
|
|
|a 978-80-88270-29-4
|q (brožováno)
|
| 040 |
|
|
|a ABA001
|b cze
|d OLA001
|e rda
|
| 041 |
0 |
|
|a cze
|a slo
|
| 043 |
|
|
|a e-xr---
|b e-xr-zl
|2 czenas
|
| 045 |
|
|
|a y-y-
|
| 072 |
|
7 |
|a 77
|x Fotografie. Fotografické postupy
|2 Konspekt
|9 21
|
| 080 |
|
|
|a 77.03/.08
|2 MRF
|
| 080 |
|
|
|a 63
|2 MRF
|
| 080 |
|
|
|a 7.04
|2 MRF
|
| 080 |
|
|
|a (437.323)
|2 MRF
|
| 080 |
|
|
|a (079)371.27
|2 MRF
|
| 080 |
|
|
|a (083.824)
|2 MRF
|
| 245 |
0 |
0 |
|a Studenti Ateliéru reklamní fotografie Fakulty multimediálních komunikací UTB ve Zlíně fotografují současné zemědělství :
|b Adamová - Bébrová - Blažej - Janošík - Knížatová, Hubáčková - Krajčír - Lebedová - Muráňová - Očenášová - Pohanková - Smolík /
|c Michaela Zeinerová Brachtlová
|
| 246 |
1 |
|
|i Název v tiráži a na obálce:
|a Studenti fotografují zemědělství :
|b katalog k výstavě
|
| 246 |
1 |
4 |
|a Studenti fotografují zemědělství UTB ve Zlíně
|
| 264 |
|
1 |
|a Praha :
|b Národní zemědělské muzeum, s.p.o.,
|c 2022
|
| 300 |
|
|
|a 27 stran :
|b ilustrace (převážně barevné) ;
|c 21 cm
|
| 336 |
|
|
|a text
|b txt
|2 rdacontent
|
| 336 |
|
|
|a statický obraz
|b sti
|2 rdacontent
|
| 337 |
|
|
|a bez média
|b n
|2 rdamedia
|
| 338 |
|
|
|a svazek
|b nc
|2 rdacarrier
|
| 490 |
1 |
|
|a Z fotoarchivu NZM ;
|v č. 2
|
| 500 |
|
|
|a "Kurátorka: Michaela Zeinerová Brachtlová"--Tiráž
|
| 500 |
|
|
|a Katalog výstavy konané v Národním zemědělském muzeu
|
| 546 |
|
|
|a Částečně slovenský text
|
| 610 |
2 |
7 |
|a Univerzita Tomáše Bati ve Zlíně.
|b Ateliér reklamní fotografie
|7 kn20070220003
|2 czenas
|
| 648 |
|
7 |
|a 21. století
|7 ch460559
|2 czenas
|
| 650 |
0 |
7 |
|a fotografie
|7 ph114585
|z Česko
|y 21. století
|2 czenas
|
| 650 |
0 |
7 |
|a zemědělství
|7 ph116770
|2 czenas
|
| 650 |
0 |
7 |
|a náměty, témata a motivy
|7 ph138485
|2 czenas
|
| 650 |
0 |
9 |
|a photography
|z Czechia
|y 21st century
|2 eczenas
|
| 650 |
0 |
9 |
|a agriculture
|2 eczenas
|
| 650 |
0 |
9 |
|a themes and motives
|2 eczenas
|
| 651 |
|
7 |
|a Zlín (Česko)
|7 ge128609
|2 czenas
|
| 651 |
|
9 |
|a Zlín (Czechia)
|2 eczenas
|
| 655 |
|
7 |
|a studentské práce
|7 fd186738
|2 czenas
|
| 655 |
|
7 |
|a katalogy výstav
|7 fd132536
|2 czenas
|
| 655 |
|
9 |
|a student papers
|2 eczenas
|
| 655 |
|
9 |
|a exhibition catalogs
|2 eczenas
|
| 700 |
1 |
|
|a Zeinerová-Brachtlová, Michaela,
|d 1970-
|7 jn19990209074
|4 edt
|
| 710 |
2 |
|
|a Národní zemědělské muzeum (Praha, Česko)
|7 kn20010709077
|4 orm
|
| 830 |
|
0 |
|a Z fotoarchivu NZM
|0 s
|
| 910 |
2 |
|
|a BOA001
|b 2-1489.807
|
| 990 |
|
|
|a BK
|
| 995 |
|
|
|a 11
|
| 991 |
|
|
|b 202207
|c NOV
|
| 996 |
6 |
|
|b 2610907022
|c 2-1489.807
|l MZK
|r Sklad / do 1 hodiny
|n 0
|p p.v.
|w 001890974
|u 000010
|a 1
|e BOA001
|j MZK50
|s P
|